|
|
|
|
| LEADER |
00000nam a2200000 4500 |
| 001 |
vtls011764075 |
| 003 |
SK-MaSNL |
| 005 |
20260301045319.0 |
| 008 |
200104s1934 xr ab c p 000 0 cze |
| 020 |
|
|
|q (brožované)
|
| 035 |
|
|
|a urn:nbn:sk:snk-am00d3m9
|
| 035 |
|
|
|a urn:nbn:sk:snk-am3hkjf
|
| 035 |
|
|
|a 604497E2-11EE-487D-826E-1E6528469893
|
| 040 |
|
|
|a SNK
|b slo
|c SNK
|e rda
|
| 041 |
0 |
|
|a cze
|
| 044 |
|
|
|a xr
|c CZ
|
| 072 |
|
7 |
|a 93/94
|x Dejiny (všeobecne)
|2 konspekt
|
| 080 |
|
|
|a 93/94
|2 2011
|
| 080 |
|
|
|a 903
|2 2011
|
| 080 |
|
|
|a 94(3)
|2 2011
|
| 080 |
|
|
|a (075.2)
|2 2011
|
| 100 |
1 |
|
|a Horčička, Josef,
|d 1870-1939
|4 aut
|9 121729
|
| 245 |
1 |
0 |
|a Dějepis pro měšťanské školy
|n Díl prvý, pro první třídu
|c nově zpracovali podle osnov z r. 1932 Jos. Horčička a Jos. Ledr
|
| 250 |
|
|
|a Vydání sedmé, přepracované
|
| 264 |
|
1 |
|a V Praze
|b nákladem Československé grafické Unie
|c 1934
|
| 300 |
|
|
|a 104 strán
|b ilustrace, mapy, portréty
|c 24 cm
|
| 336 |
|
|
|a text
|b txt
|2 rdacontent
|
| 336 |
|
|
|a statický obraz
|b sti
|2 rdacontent
|
| 337 |
|
|
|a bez média
|b n
|2 rdamedia
|
| 338 |
|
|
|a zväzok
|b nc
|2 rdacarrier
|
| 650 |
0 |
7 |
|a dejepis
|2 SNKPH
|9 4288
|
| 650 |
0 |
7 |
|a pravek
|2 SNKPH
|9 4261
|
| 650 |
0 |
7 |
|a starovek
|2 SNKPH
|9 4258
|
| 650 |
0 |
7 |
|a History (school subject)
|2 SNKPHeng
|9 286675
|
| 650 |
0 |
7 |
|a Prehistory
|2 SNKPHeng
|9 286879
|
| 650 |
0 |
7 |
|a Ancient history
|2 SNKPHeng
|9 266553
|
| 655 |
|
7 |
|a učebnice základných škôl
|2 SNKPH
|9 70187
|
| 655 |
|
7 |
|a Textbooks (elementary)
|2 SNKPHeng
|9 276977
|
| 700 |
1 |
|
|a Ledr, Josef,
|d 1879-1943
|4 aut
|9 115024
|
| 958 |
|
|
|a CZ
|
| 958 |
|
|
|a ONDV
|
| 999 |
|
|
|c 598049
|d 599979
|
| 952 |
|
|
|a SNK
|b SNK
|y PREZ
|7 0
|p 17A0753471
|o snkSC 2650/1
|i snk1418/39
|0 0
|1 0
|4 0
|d 2018-06-26
|f 1
|l 0
|r 2025-06-17 00:00:00
|w 2026-02-23
|